000 00333nam a2200133Ia 4500
005 20260328104319.0
008 260328s9999||||xx |||||||||||||| ||und||
100 _aSouviron, Bernando
245 0 _aPrometeo y el Secreto del Fuego /
_cBernando Souviron
260 _bGredos
300 _a119 p.
650 _aHISTORIA
942 _cBK
999 _c11292
_d11292